000 00447nam a22001697a 4500
003 CEME
005 20210628203145.0
008 210203b xxu||||| |||| 00| 0 eng d
020 _a9780471694797
040 _c.
082 _a070.4493 SOL
100 _aSolomon, Norman
_963669
245 _aWar made easy , how presidents and pundits keep spinning us to death
260 _aUSA
_bJOHN WILEY & SONS
_c2005
300 _a314P
942 _cBK
_2ddc
999 _c572417
_d572417